000 00474nam a2200181Ia 4500
001 24345
005 20260414151037.0
008 260414t2017||||xx |||||||||||||| ||spa||
041 _aESP
082 _a345.4
_bS45
100 _aSevilla Gálvez, Guillermo
_eAUT
245 0 _aMedios impugnatorios en el proceso penal en la jurisprudencia del TC
_b
260 _c2017
300 _a222 páginas :
_c24 cm.
650 _aDER
654 _aCDE
942 _cLIB
_dJUS
_fJUS
_2ddc
_n
999 _c24345
_d24345